| 000 | 01927nam a2200349 a 4500 | ||
|---|---|---|---|
| 001 | 001177422 | ||
| 003 | AM-YEHGA | ||
| 005 | 20250617164724.0 | ||
| 008 | 110805s2016 ai a||||r|||||||||0|arm|d | ||
| 020 | _a9789939912561 | ||
| 040 | _aAM-YeHGA | ||
| 041 |
_aarm _aeng |
||
| 245 | 0 | 0 |
_aՀաղարծին = _bHaghartsin / _c[Առաջին գրքի մտահղացքը և ընդհանուր խմբագրությունը՝ Եզնիկ արքեպիսկոպոս Պետրոսյան ; Կազմող և գեղարվեստական խմբագիր՝ Գ. Գրիգորյան ; Խմբագիր՝ Ա. Գրիգորյան ; Անգլերեն թարգմանությունը՝ Ա. Ֆրունջյան, Գ. Ալեքսանյան ; Լուսանկարիչ՝ Վ. Հակոբյան;] ; Հայաստանի պատմության թանգարան. |
| 246 | 1 | 1 | _aHaghartsin |
| 260 |
_aԵրևան : _bՏիգրան Մեծ, _c2016. |
||
| 300 |
_a80 էջ : _bլուսանկ. ; _c26 սմ. |
||
| 440 | 0 | _aՎանքեր և վանական համալիրներ | |
| 500 | _aԳրքի տպագր. հովանավոր՝ Ալեք Ավանեսյան | ||
| 546 | _aԲնագիրը՝՝ հայերեն և անգլերեն: | ||
| 650 | 1 | 4 |
_aՀայկական եկեղեցիներ _vԿատալոգներ |
| 650 | 1 | 4 |
_aՊատմամշակութային հուշարձաններ _vԿատալոգներ |
| 700 | 1 |
_aՊետրոսյան, Եզնիկ _cԱրքեպիսկոպոս, _d1955- _eխմբ. _4edt |
|
| 700 | 1 |
_aԳրիգորյան, Գրիգոր _eկազմ. _4com |
|
| 700 | 1 |
_aՖրունջյան, Աիդա _eթարգմ. _4trl |
|
| 700 | 1 |
_aԱլեքսանյան, Գայանե _eթարգմ. _4trl |
|
| 700 | 1 |
_aԳրիգորյան Ա. _eխմբ. _4edt |
|
| 700 | 1 |
_aՀակոբյան, Վռամ _eխմբ. _4edt |
|
| 710 | 2 | _aՀայաստանի պատմության թանգարան | |
| 830 | 0 | _aՎանքեր և վանական համալիրներ | |
| 942 |
_2udc _cBK |
||
| 090 | _c566958 | ||
| 999 |
_c528703 _d528703 |
||